Statistics for M Footballers

Click here to take the quiz!

General Stats

  • This quiz has been taken 17 times
  • The average score is 5 of 20

Answer Stats

Answer % Correct
Tottenham midfielder went on to Real MadridModric
86%
Lifted World Cup in 1966Moore
64%
West Germanys Der BomberMuller
57%
Spaniard scored in 2016 FA Cup finalMata
50%
Current Arsenal player with World Cup winners medalMertesacker
43%
Armenias greatest player in PL historyMkhitaryan
43%
1953 FA Cup final was named after himMatthews
36%
Won 1934 and 1938 World Cup with ItalyMeazza
29%
Won a record 46 U-21 England capsMilner
29%
German keeper in 1960s and 1970sMaier
21%
German first ever World Player of the yearMatthaus
21%
Spaniard who played for Lazio Barcelona and MiddlesbroughMendieta
14%
Record Rangers scorerMcCoist
14%
Scotsman who scored in 1994 FA Cup finalMcClair
7%
Scored goal that won Fergies first trophy in EnglandMartin
7%
Cornishman keeper with 23 England capsMartyn
7%
Scored 5 goals for England in 1975Macdonald
7%
England man played for Arsenal and Villa among othersMerson
7%
First England player to be sent offMullery
0%
Englands captain in 1982 World CupMills
0%

Score Distribution

Percentile by Number Answered

Percent of People with Each Score

Your Score History

You have not taken this quiz